[Event "2ème Open International de Haute-Bretag"]
[Site "Rennes"]
[Date "2009.??.??"]
[Round "5.35"]
[White "Quellec, Yannick"]
[Black "Corentin, Louis"]
[Result "1-0"]
[WhiteElo "1900"]
[BlackElo "1737"]
[PlyCount "65"]
[EventDate "2009.08.21"]
[EventType "swiss"]
[EventRounds "9"]
[EventCountry "FRA"]

1. e4 c5 2. d3 g6 3. f4 Bg7 4. Nf3 Nc6 5. Be2 e5 6. fxe5 Nxe5 7. O-O Ne7 8. Bg5
Nxf3+ 9. Bxf3 Bxb2 10. Nd2 f6 11. Bh6 Bxa1 12. Qxa1 Rg8 13. Nc4 d5 14. exd5 Nf5
15. Re1+ Kf7 16. d6 Be6 17. Qc1 Rb8 18. Bf4 b5 19. Nd2 g5 20. Bh5+ Kg7 21. Rxe6
gxf4 22. Ne4 Ne3 23. Rxf6 Qxf6 24. Nxf6 Kxf6 25. Bf3 Rxg2+ 26. Bxg2 Rg8 27.
Qb2+ Kf5 28. Kh1 Nxg2 29. Qxb5 f3 30. Qd7+ Ke5 31. Qe7+ Kd4 32. Qe4+ Kc3 33.
Qc4+ 1-0

[Event "2ème Open International de Haute-Bretag"]
[Site "Rennes"]
[Date "2009.??.??"]
[Round "5.36"]
[White "Bacon, Bruno"]
[Black "Vandomel, Fabrice"]
[Result "0-1"]
[WhiteElo "1742"]
[BlackElo "1895"]
[PlyCount "134"]
[EventDate "2009.08.21"]
[EventType "swiss"]
[EventRounds "9"]
[EventCountry "FRA"]

1. e4 e6 2. d3 d5 3. Nd2 Nf6 4. Ngf3 b6 5. g3 dxe4 6. dxe4 Bc5 7. Bg2 Ba6 8. c4
Qd3 9. Bf1 Qd7 10. Bg2 e5 11. O-O Nc6 12. a3 Bb7 13. b4 Bd4 14. Ra2 Rd8 15. Qc2
Ne7 16. Re1 c5 17. b5 O-O 18. Nf1 Qg4 19. h3 Qc8 20. Bg5 Qe6 21. Bd2 Ng6 22.
N3h2 h6 23. Ne3 Bxe3 24. Rxe3 Rd4 25. Bc3 Rd6 26. Qe2 Qd7 27. Rd2 Rxd2 28. Bxd2
Rd8 29. Be1 Qd1 30. Nf1 Qxe2 31. Rxe2 Rd3 32. a4 Ra3 33. Rd2 Bxe4 34. Bxe4 Nxe4
35. Rd8+ Kh7 36. Rd7 Rxa4 37. Ne3 Ng5 38. Kg2 Nf8 39. Re7 f6 40. h4 Nge6 41.
Nd5 Kg6 42. Ne3 f5 43. Bd2 Ra3 44. h5+ Kxh5 45. Nxf5 Kg6 46. Ne3 Rd3 47. Bc1
Rd7 48. Re8 Kf7 49. Rb8 Nd4 50. Ng4 Ng6 51. f4 h5 52. Nxe5+ Nxe5 53. fxe5 Nb3
54. Be3 Ke6 55. Re8+ Re7 56. Rh8 Kxe5 57. Rxh5+ Ke4 58. Bg5 Rf7 59. Rh4+ Kd3
60. Kh3 Nd4 61. Bf4 Kxc4 62. Bb8 Kxb5 63. Re4 a5 64. Rg4 a4 65. Be5 a3 66. Bxg7
a2 67. Bxd4 cxd4 0-1

[Event "2ème Open International de Haute-Bretag"]
[Site "Rennes"]
[Date "2009.??.??"]
[Round "5.37"]
[White "Arnaud, Jean Paul"]
[Black "Roussel, Yannis"]
[Result "1/2-1/2"]
[WhiteElo "1884"]
[BlackElo "1586"]
[PlyCount "150"]
[EventDate "2009.08.21"]
[EventType "swiss"]
[EventRounds "9"]
[EventCountry "FRA"]

1. e4 e5 2. Nf3 Nc6 3. Bb5 a6 4. Ba4 Nf6 5. O-O Be7 6. Re1 b5 7. Bb3 d6 8. c3
O-O 9. h3 Na5 10. Bc2 c5 11. d4 Qc7 12. d5 c4 13. Nbd2 Nb7 14. Nf1 Rd8 15. Ng3
g6 16. Bh6 Bf8 17. Qd2 Bg7 18. Nh2 Nc5 19. Rad1 Bd7 20. Bxg7 Kxg7 21. f4 Re8
22. f5 Qd8 23. Rf1 Rf8 24. Rf3 Ng8 25. Rdf1 Qh4 26. Ng4 Kh8 27. Qe3 a5 28. Nh1
a4 29. a3 Rfd8 30. Nhf2 Qe7 31. f6 Qf8 32. h4 h5 33. Nh2 Nh6 34. Qg5 Bc8 35.
Kh1 Bd7 36. Nd1 Ng4 37. Nf2 Nxf2+ 38. R1xf2 Kh7 39. Qe3 Qh6 40. Qg5 Qf8 41. Rg3
Qh6 42. Nf3 Bg4 43. Qxh6+ Kxh6 44. Ng5 Ra7 45. Re3 Re8 46. Kg1 Rc8 47. Kf1 Re8
48. Nf3 Rd8 49. Nh2 Bc8 50. Ke1 Rb7 51. Rf1 Ra7 52. Rg1 Rh8 53. g4 hxg4 54.
Nxg4+ Bxg4 55. Rxg4 Kh7 56. h5 gxh5 57. Rg7+ Kh6 58. Reg3 Rd7 59. Bd1 Nd3+ 60.
Kf1 Nf4 61. Kf2 Rb7 62. Rf3 Rd7 63. Kg3 Ng6 64. Rf5 Nf4 65. Bf3 Rb7 66. Rfg5
Rd7 67. Kh2 Rb7 68. Rg1 Rd7 69. Rh1 Rh7 70. Rg8 h4 71. Kg1 Ng6 72. Bg4 Rb7 73.
Kf2 Kg5 74. Kf3 Rh8 75. Rxh8 Nxh8 1/2-1/2

[Event "2ème Open International de Haute-Bretag"]
[Site "Rennes"]
[Date "2009.??.??"]
[Round "5.38"]
[White "Francois, Yann"]
[Black "Blanchard, Simon"]
[Result "1/2-1/2"]
[WhiteElo "1580"]
[BlackElo "1710"]
[PlyCount "149"]
[EventDate "2009.08.21"]
[EventType "swiss"]
[EventRounds "9"]
[EventCountry "FRA"]

1. Nf3 d5 2. e3 Nf6 3. c4 c6 4. b3 Bg4 5. Be2 Nbd7 6. Bb2 e6 7. O-O Bd6 8. d3
Qc7 9. Nbd2 e5 10. h3 h5 11. cxd5 Nxd5 12. Ne4 Bxf3 13. Nxd6+ Qxd6 14. Bxf3
N5f6 15. Re1 h4 16. Rc1 O-O-O 17. a3 Kb8 18. b4 Rhe8 19. d4 exd4 20. Bxd4 Ne5
21. Bxe5 Rxe5 22. Qxd6+ Rxd6 23. Red1 Ree6 24. Rd4 Rxd4 25. exd4 Rd6 26. Rd1
Nd5 27. Bxd5 Rxd5 28. Rd3 Kc7 29. Kf1 Kb6 30. Ke2 Kb5 31. Ke3 Kc4 32. g4 hxg3
33. fxg3 b6 34. Rd1 f6 35. Rc1+ Kb5 36. Rc3 c5 37. bxc5 bxc5 38. dxc5 Rxc5 39.
Rd3 Rc4 40. h4 Kc5 41. Kf3 f5 42. Re3 Kd6 43. Rd3+ Ke6 44. Re3+ Kf6 45. Rd3 Kg6
46. Re3 Ra4 47. Rd3 Kh5 48. Re3 Kg6 49. Rd3 Kf6 50. Re3 a6 51. Rd3 Ke5 52. Rc3
Kf6 53. Re3 Kg6 54. Rd3 Kh5 55. Re3 g5 56. hxg5 Kxg5 57. Rd3 Rc4 58. Re3 a5 59.
Rd3 a4 60. Re3 Rc5 61. Rd3 Rb5 62. Ke2 Rb2+ 63. Kf3 Rb3 64. Re3 Rxe3+ 65. Kxe3
Kg4 66. Kf2 f4 67. gxf4 Kxf4 68. Ke2 Ke4 69. Kd2 Kd4 70. Kc2 Kc4 71. Kb2 Kd3
72. Ka2 Kc2 73. Ka1 Kb3 74. Kb1 Kxa3 75. Ka1 1/2-1/2

[Event "2ème Open International de Haute-Bretag"]
[Site "Rennes"]
[Date "2009.??.??"]
[Round "5.39"]
[White "Le Marec, Laura"]
[Black "Tounsi, Tewfik"]
[Result "0-1"]
[WhiteElo "1550"]
[BlackElo "1690"]
[PlyCount "58"]
[EventDate "2009.08.21"]
[EventType "swiss"]
[EventRounds "9"]
[EventCountry "FRA"]

1. Nf3 d5 2. g3 c5 3. d3 Nc6 4. Nbd2 Nf6 5. Bg2 Bg4 6. O-O e6 7. c3 Be7 8. Qb3
Qd7 9. e4 O-O 10. e5 Ne8 11. h3 Bf5 12. d4 a6 13. Qd1 f6 14. g4 Bg6 15. Re1
cxd4 16. cxd4 Nb4 17. Nh4 Bd3 18. Bf1 fxe5 19. Nhf3 e4 20. Ne5 Qb5 21. a4 Qa5
22. Bxd3 exd3 23. Nb3 Qc7 24. Bd2 Nc2 25. Rc1 Bh4 26. Nxd3 Bxf2+ 27. Kh1 Qg3
28. Bf4 Qxh3+ 29. Bh2 Nxe1 0-1

[Event "2ème Open International de Haute-Bretag"]
[Site "Rennes"]
[Date "2009.??.??"]
[Round "5.43"]
[White "Spoone, John Paul"]
[Black "Glory, Alain"]
[Result "1-0"]
[WhiteElo "1770"]
[BlackElo "1430"]
[PlyCount "67"]
[EventDate "2009.08.21"]
[EventType "swiss"]
[EventRounds "9"]
[EventCountry "FRA"]

1. Nf3 Nf6 2. g3 d5 3. Bg2 e6 4. O-O Nbd7 5. d3 Be7 6. Nbd2 O-O 7. Re1 c6 8. e4
Qc7 9. e5 Ne8 10. h4 c5 11. Nf1 f6 12. Qe2 b5 13. Bf4 fxe5 14. Nxe5 Nxe5 15.
Bxe5 Bd6 16. Bh3 Bxe5 17. Qxe5 Qxe5 18. Rxe5 Nc7 19. Rae1 Rf6 20. Nh2 h5 21.
Rxh5 Bd7 22. Ng4 Rf5 23. Rxf5 exf5 24. Ne5 Re8 25. f4 Na6 26. c3 Nb8 27. Kf2
Bc8 28. d4 c4 29. Bg2 Be6 30. Bf3 Re7 31. h5 a5 32. Ng6 Re8 33. Bxd5 Bf7 34.
Rxe8+ 1-0

[Event "2ème Open International de Haute-Bretag"]
[Site "Rennes"]
[Date "2009.??.??"]
[Round "5.44"]
[White "Bauer, Erich"]
[Black "Dujardin, Bernard"]
[Result "1-0"]
[WhiteElo "1499"]
[BlackElo "1745"]
[PlyCount "47"]
[EventDate "2009.08.21"]
[EventType "swiss"]
[EventRounds "9"]
[EventCountry "FRA"]

1. c4 b5 2. e4 Bb7 3. cxb5 Bxe4 4. Nc3 Bb7 5. Nf3 Nf6 6. d4 e6 7. Bd3 Be7 8.
O-O O-O 9. Bf4 c6 10. Ne4 Nxe4 11. Bxe4 f5 12. Bd3 cxb5 13. Bxb5 a6 14. Ba4 g5
15. Bd2 g4 16. Ne5 d6 17. Nxg4 Bg5 18. f4 fxg4 19. Qxg4 Nc6 20. Qxe6+ Kh8 21.
fxg5 Qb6 22. Bc3 Nxd4 23. Rxf8+ Rxf8 24. Rd1 1-0

[Event "2ème Open International de Haute-Bretag"]
[Site "Rennes"]
[Date "2009.??.??"]
[Round "5.48"]
[White "Pavlovic, Zarko"]
[Black "Ruhlmann, Anne"]
[Result "1-0"]
[WhiteElo "1790"]
[BlackElo "1499"]
[PlyCount "89"]
[EventDate "2009.08.21"]
[EventType "swiss"]
[EventRounds "9"]
[EventCountry "FRA"]

1. d4 d5 2. c4 e6 3. Nf3 Nf6 4. e3 Nbd7 5. a3 Be7 6. Nc3 O-O 7. c5 c6 8. Bd3
Re8 9. h3 Qc7 10. O-O e5 11. Bb1 b6 12. b4 Nf8 13. Nh2 h6 14. f4 e4 15. Ne2
N6h7 16. Ng3 f5 17. Qh5 Be6 18. Nxf5 Bf6 19. Ng4 Bf7 20. Nxf6+ Nxf6 21. Qh4 Ng6
22. Qf2 Be6 23. Nd6 Re7 24. f5 Nh8 25. fxe6 Rxe6 26. Qf5 Qe7 27. Ra2 Rf8 28.
Raf2 Nd7 29. Qg4 Ng6 30. Rf7 Rxf7 31. Rxf7 Nf6 32. Qxg6 Ne8 33. Rxe7 Rxg6 34.
Rxe8+ Kh7 35. Ra8 bxc5 36. bxc5 Rf6 37. Rxa7 Kg6 38. Nxe4 Re6 39. Ng3+ Kf6 40.
Nh5+ Kg5 41. Nxg7 Rf6 42. e4+ Kh4 43. e5 Rf8 44. Kh2 Rf1 45. g3# 1-0

[Event "2ème Open International de Haute-Bretag"]
[Site "Rennes"]
[Date "2009.07.19"]
[Round "7.1"]
[White "Foisor, Cristina Adela B"]
[Black "Sriram, Jha"]
[Result "1/2-1/2"]
[WhiteElo "2424"]
[BlackElo "2459"]
[PlyCount "40"]
[EventDate "2009.08.21"]
[EventType "swiss"]
[EventRounds "9"]
[EventCountry "FRA"]

1. Nf3 Nf6 2. g3 b5 3. Bg2 Bb7 4. O-O e6 5. d3 c5 6. c4 b4 7. b3 Be7 8. Bb2 O-O
9. Nbd2 d5 10. e3 Nbd7 11. Qc2 a5 12. a3 Qb6 13. axb4 axb4 14. d4 Rfc8 15. Ne5
cxd4 16. Bxd4 Bc5 17. Nxd7 Nxd7 18. Qb2 Bxd4 19. Qxd4 Qxd4 20. exd4 Kf8 1/2-1/2

[Event "2ème Open International de Haute-Bretag"]
[Site "Rennes"]
[Date "2009.07.19"]
[Round "7.4"]
[White "Okhotnik, Vladimir"]
[Black "Geffroy, Leo"]
[Result "1-0"]
[WhiteElo "2449"]
[BlackElo "1662"]
[PlyCount "83"]
[EventDate "2009.08.21"]
[EventType "swiss"]
[EventRounds "9"]
[EventCountry "FRA"]

1. e4 c5 2. c3 d5 3. exd5 Qxd5 4. d4 e6 5. Nf3 Nf6 6. Na3 a6 7. Nc4 Nbd7 8. Be2
b5 9. Ne3 Qc6 10. Ne5 Qb6 11. Bf3 Bb7 12. Nxd7 Nxd7 13. Bxb7 Qxb7 14. d5 exd5
15. Qxd5 Qxd5 16. Nxd5 Bd6 17. Be3 Ne5 18. O-O-O Rd8 19. Rhe1 O-O 20. Bxc5 Bxc5
21. Rxe5 Bxf2 22. Nc7 Rxd1+ 23. Kxd1 Rd8+ 24. Ke2 f6 25. Re7 Bg1 26. h3 Rd6 27.
Rxg7+ Kh8 28. Re7 Bh2 29. Re6 Rxe6+ 30. Nxe6 Bd6 31. Kd3 Kg8 32. Ke4 Kf7 33.
Kd5 Ke7 34. Nc5 a5 35. Nb3 a4 36. Nd4 Kd7 37. Nxb5 Bf8 38. c4 f5 39. c5 Bg7 40.
c6+ Kc8 41. Nd6+ Kb8 42. c7+ 1-0

[Event "2ème Open International de Haute-Bretag"]
[Site "Rennes"]
[Date "2009.07.19"]
[Round "7.21"]
[White "Mocquard, Yves"]
[Black "Crahan, Alan"]
[Result "1-0"]
[WhiteElo "2030"]
[BlackElo "1867"]
[PlyCount "49"]
[EventDate "2009.08.21"]
[EventType "swiss"]
[EventRounds "9"]
[EventCountry "FRA"]

1. d4 Nf6 2. c4 d6 3. Nc3 g6 4. e4 Bg7 5. f3 O-O 6. Bg5 c6 7. Qd2 e5 8. d5 c5
9. Bd3 Na6 10. Nge2 Nb4 11. Bb1 Bd7 12. h4 Rb8 13. a3 Na6 14. Bd3 Nc7 15. h5 b5
16. g4 bxc4 17. Bxc4 Nb5 18. Bxb5 Bxb5 19. Ng3 Qa5 20. Qh2 Rb7 21. Bd2 Qb6 22.
Nf5 gxf5 23. h6 f4 24. hxg7 Rfb8 25. g5 1-0

[Event "2ème Open International de Haute-Bretag"]
[Site "Rennes"]
[Date "2009.07.19"]
[Round "7.22"]
[White "Dupitier, Mickael"]
[Black "Aubry, Yannis"]
[Result "0-1"]
[WhiteElo "1864"]
[BlackElo "1954"]
[PlyCount "66"]
[EventDate "2009.08.21"]
[EventType "swiss"]
[EventRounds "9"]
[EventCountry "FRA"]

1. d4 Nf6 2. c4 g6 3. Nc3 Bg7 4. e4 d6 5. f3 O-O 6. Be3 e5 7. d5 Nh5 8. Qd2
Qh4+ 9. Bf2 Qf4 10. Be3 Qh4+ 11. Bf2 Qe7 12. Bd3 Nf4 13. Bc2 Nxg2+ 14. Kd1 Nf4
15. h4 a5 16. Nce2 Bh6 17. Be3 Qf6 18. Nxf4 Bxf4 19. Ne2 Bxe3 20. Qxe3 Bd7 21.
h5 Na6 22. a4 Nb4 23. Bb3 c6 24. Kd2 cxd5 25. cxd5 b5 26. Nc3 Rfb8 27. hxg6
fxg6 28. axb5 Bxb5 29. Nxb5 Rxb5 30. Rac1 Na6 31. Qc3 Rab8 32. Ba4 Qf4+ 33. Ke2
Rc5 0-1

[Event "2ème Open International de Haute-Bretag"]
[Site "Rennes"]
[Date "2009.07.19"]
[Round "7.25"]
[White "Collet, Davy"]
[Black "Palacios Aguilar, Diego Andre"]
[Result "0-1"]
[WhiteElo "1819"]
[BlackElo "1894"]
[PlyCount "90"]
[EventDate "2009.08.21"]
[EventType "swiss"]
[EventRounds "9"]
[EventCountry "FRA"]

1. d4 d5 2. Nf3 Nf6 3. e3 Bf5 4. c4 c6 5. Nc3 e6 6. Nh4 Be4 7. f3 Bg6 8. Qb3
Qc7 9. g3 Be7 10. Nxg6 hxg6 11. Kf2 Nbd7 12. cxd5 Nxd5 13. Nxd5 exd5 14. Bd2
Bd6 15. Bg2 O-O 16. Rac1 Nb6 17. Bb4 Rfe8 18. Rhe1 Qe7 19. Bxd6 Qxd6 20. Qd3
Rad8 21. b3 a5 22. Qc3 Ra8 23. Qc5 Qxc5 24. dxc5 Nd7 25. f4 f5 26. Bf3 Nf6 27.
h3 Ne4+ 28. Bxe4 Rxe4 29. a3 Rd8 30. Rc3 Kf7 31. Rd3 d4 32. Rxd4 Rexd4 33. exd4
Rxd4 34. Re3 Rd2+ 35. Re2 Rd1 36. Re1 Rxe1 37. Kxe1 Ke6 38. Kd2 Kd5 39. Kd3
Kxc5 40. Kc3 Kd5 41. Kd3 b5 42. Ke3 c5 43. Kd3 c4+ 44. bxc4+ bxc4+ 45. Kc3 a4
0-1

[Event "2ème Open International de Haute-Bretag"]
[Site "Rennes"]
[Date "2009.07.19"]
[Round "7.29"]
[White "Caroff, Frederic"]
[Black "Blanchard, Simon"]
[Result "1-0"]
[WhiteElo "2119"]
[BlackElo "1710"]
[PlyCount "55"]
[EventDate "2009.08.21"]
[EventType "swiss"]
[EventRounds "9"]
[EventCountry "FRA"]

1. e4 c5 2. Nf3 d6 3. d4 cxd4 4. Nxd4 Nf6 5. Nc3 a6 6. Be2 Bd7 7. Be3 Nc6 8.
O-O e6 9. f4 Be7 10. Bf3 Qc7 11. Kh1 O-O 12. g4 e5 13. Nf5 Be6 14. g5 Nd7 15.
Nd5 Qd8 16. Ndxe7+ Nxe7 17. Nxd6 exf4 18. Bxf4 Rb8 19. Nf5 Rc8 20. Bd6 Nxf5 21.
exf5 Bxf5 22. Bxf8 Nxf8 23. Qxd8 Rxd8 24. Rad1 Rb8 25. c4 Ne6 26. h4 b5 27. Bd5
bxc4 28. Rxf5 1-0

[Event "2ème Open International de Haute-Bretag"]
[Site "Rennes"]
[Date "2009.07.19"]
[Round "7.34"]
[White "Loizil, Joel"]
[Black "Belouassa, Aurelien"]
[Result "1-0"]
[WhiteElo "1814"]
[BlackElo "1550"]
[PlyCount "45"]
[EventDate "2009.08.21"]
[EventType "swiss"]
[EventRounds "9"]
[EventCountry "FRA"]

1. c4 e5 2. Nc3 f5 3. g3 Nf6 4. Bg2 Be7 5. d3 O-O 6. Nf3 d6 7. O-O Be6 8. b3
Nbd7 9. d4 c6 10. Ng5 Bf7 11. Nxf7 Rxf7 12. e3 Qc7 13. Re1 Nb6 14. e4 Nfd7 15.
exf5 Rxf5 16. Bh3 Rff8 17. Ne4 h6 18. Qg4 Kh7 19. Ng5+ hxg5 20. Qh5+ Kg8 21.
Be6+ Rf7 22. Qxf7+ Kh7 23. Qh5# 1-0

[Event "2ème Open International de Haute-Bretag"]
[Site "Rennes"]
[Date "2009.07.19"]
[Round "7.45"]
[White "Francois, Yann"]
[Black "Madeline, Paul"]
[Result "0-1"]
[WhiteElo "1580"]
[BlackElo "1579"]
[PlyCount "86"]
[EventDate "2009.08.21"]
[EventType "swiss"]
[EventRounds "9"]
[EventCountry "FRA"]

1. Nf3 Nc6 2. e3 e5 3. d3 d5 4. Nbd2 Nf6 5. b3 Bd6 6. Bb2 O-O 7. c4 e4 8. dxe4
dxe4 9. Bxf6 Qxf6 10. Nxe4 Bb4+ 11. Ned2 Bg4 12. Be2 Rad8 13. O-O Bxf3 14. Bxf3
Rxd2 15. Qc1 Qc3 16. a3 Qxc1 17. Raxc1 Bxa3 18. Ra1 Bc5 19. Bd5 Ne7 20. Bxb7
Rb8 21. Rfd1 Rxd1+ 22. Rxd1 Ng6 23. Bd5 Rxb3 24. h3 a5 25. Ra1 Ra3 26. Rb1 Bb4
27. Bc6 Ne5 28. Bb5 c5 29. Rd1 h6 30. Rd8+ Kh7 31. Rd5 Ra1+ 32. Kh2 Ng6 33. Rd7
f6 34. Ra7 Ra2 35. Kg3 Be1 36. Kf3 Rxf2+ 37. Ke4 f5+ 38. Kd5 Bb4 39. g4 Rd2+
40. Ke6 fxg4 41. hxg4 Re2 42. Kf5 Rxe3 43. Ra8 Re5# 0-1

[Event "2ème Open International de Haute-Bretag"]
[Site "Rennes"]
[Date "2009.07.19"]
[Round "7.3"]
[White "Caillot, Arnaud"]
[Black "Song, Julien"]
[Result "0-1"]
[WhiteElo "1698"]
[BlackElo "2319"]
[PlyCount "67"]
[EventDate "2009.08.21"]
[EventType "swiss"]
[EventRounds "9"]
[EventCountry "FRA"]

1. d4 e6 2. c4 Nf6 3. Nc3 d5 4. Nf3 Be7 5. Bg5 h6 6. Bh4 O-O 7. e3 b6 8. cxd5
Nxd5 9. Bxe7 Qxe7 10. Nxd5 exd5 11. Be2 Be6 12. O-O Nd7 13. Qa4 c5 14. dxc5
bxc5 15. Rac1 Rfb8 16. b3 Qd6 17. Rfd1 Rb4 18. Qa3 a5 19. Rc2 a4 20. Rdd2 Qb8
21. bxa4 Rbxa4 22. Qc1 Rb4 23. Rb2 Raa4 24. h3 c4 25. Nd4 Qb6 26. Qc3 Nc5 27.
f3 Bd7 28. Kf2 Qa5 29. Rxb4 Qxb4 30. Qxb4 Rxb4 31. Nc2 Rb2 32. Rxd5 Nd3+ 33.
Bxd3 cxd3 34. Ke1 0-1

[Event "2ème Open International de Haute-Bretag"]
[Site "Rennes"]
[Date "2009.07.19"]
[Round "7.5"]
[White "Bratanov, Zsivko"]
[Black "Milchev, Nikolay"]
[Result "1-0"]
[WhiteElo "2456"]
[BlackElo "2351"]
[PlyCount "53"]
[EventDate "2009.08.21"]
[EventType "swiss"]
[EventRounds "9"]
[EventCountry "FRA"]

1. d4 d5 2. c4 Nc6 3. Nf3 Bg4 4. e3 e6 5. Nc3 Bb4 6. a3 Bxc3+ 7. bxc3 Nf6 8. h3
Bh5 9. cxd5 Bxf3 10. Qxf3 exd5 11. c4 O-O 12. cxd5 Nxd5 13. Bc4 Nb6 14. Ba2 Qe7
15. O-O Rad8 16. Rb1 a6 17. Bb2 Na4 18. Ba1 Qxa3 19. Bd5 Na5 20. Bxb7 Rd6 21.
Be4 Nb3 22. Qe2 g6 23. Qc2 Rb8 24. Qxc7 Rbb6 25. Qe7 Nxa1 26. Rxa1 Rb4 27. Qe8+
1-0

[Event "2ème Open International de Haute-Bretag"]
[Site "Rennes"]
[Date "2009.07.19"]
[Round "7.7"]
[White "Jolly, Jean Francois"]
[Black "Crouan, Stephane"]
[Result "1-0"]
[WhiteElo "2366"]
[BlackElo "2234"]
[PlyCount "73"]
[EventDate "2009.08.21"]
[EventType "swiss"]
[EventRounds "9"]
[EventCountry "FRA"]

1. d4 Nf6 2. c4 g6 3. Nc3 Bg7 4. e4 d6 5. Nf3 O-O 6. Be2 e5 7. O-O Nc6 8. d5
Ne7 9. b4 Nh5 10. Re1 f5 11. Ng5 Nf6 12. Bf3 h6 13. Ne6 Bxe6 14. dxe6 c6 15.
Bb2 Ne8 16. Qb3 Qc8 17. Rad1 Qxe6 18. b5 Rc8 19. bxc6 bxc6 20. Ba3 c5 21. Qa4
Kh8 22. h3 h5 23. exf5 Nxf5 24. Bd5 Qe7 25. Bc1 Bh6 26. Bxh6 Nxh6 27. Nb5 Qh4
28. Qc2 a6 29. Nc3 Nf5 30. Bb7 Rc7 31. Bxa6 Rcf7 32. Ne4 Nd4 33. Qd2 Rf4 34.
Bb7 Kh7 35. Re3 Qe7 36. Rb1 Ng7 37. Bd5 1-0

[Event "2ème Open International de Haute-Bretag"]
[Site "Rennes"]
[Date "2009.07.19"]
[Round "7.9"]
[White "Fomichenko, Svetlana"]
[Black "Piankov, Evgenij"]
[Result "0-1"]
[WhiteElo "2245"]
[BlackElo "2356"]
[PlyCount "86"]
[EventDate "2009.08.21"]
[EventType "swiss"]
[EventRounds "9"]
[EventCountry "FRA"]

1. e4 c6 2. d4 d5 3. Nc3 g6 4. h3 Bg7 5. Nf3 Nh6 6. Bd3 O-O 7. O-O f6 8. Re1
Nf7 9. Bf1 e6 10. Rb1 Nd7 11. b3 f5 12. exd5 exd5 13. Ba3 Re8 14. Rxe8+ Qxe8
15. Qd3 Nf6 16. Re1 Ne4 17. Nd2 Qd8 18. f3 Ned6 19. Ne2 Bh6 20. c4 f4 21. Nc3
Bf5 22. Qe2 Bg7 23. Qf2 dxc4 24. Kh1 Bd3 25. bxc4 Bxf1 26. Nxf1 Nxc4 27. Bc1
Qxd4 28. Qxd4 Bxd4 29. Bxf4 Bxc3 30. Rc1 Be5 31. Rxc4 Nd6 32. Ra4 Bxf4 33. Rxf4
b5 34. Ne3 Rd8 35. Ng4 Kg7 36. Ne5 c5 37. Nc6 Rd7 38. h4 Rc7 39. Nd8 Re7 40.
Nc6 Rd7 41. g4 Nf7 42. g5 c4 43. a4 c3 0-1

[Event "2ème Open International de Haute-Bretag"]
[Site "Rennes"]
[Date "2009.07.19"]
[Round "7.10"]
[White "Collier, Timothy"]
[Black "Dobrev, Nanko"]
[Result "0-1"]
[WhiteElo "1920"]
[BlackElo "2352"]
[PlyCount "86"]
[EventDate "2009.08.21"]
[EventType "swiss"]
[EventRounds "9"]
[EventCountry "FRA"]

1. e4 c5 2. a3 Nc6 3. b4 cxb4 4. axb4 Nxb4 5. c3 Nc6 6. d4 d6 7. Qa4 Bd7 8. d5
Nb8 9. Qb4 Qc8 10. Be3 Na6 11. Qa5 Nc5 12. Nd2 b6 13. Qb4 Nf6 14. f3 g6 15. Bb5
Bg7 16. Ne2 O-O 17. O-O a6 18. Bxd7 Nfxd7 19. Bd4 Bh6 20. Nc4 Qc7 21. Rfb1 Nd3
22. Qb3 b5 23. Na5 N7e5 24. Qd1 e6 25. Ra2 exd5 26. exd5 Qe7 27. Ng3 Rfe8 28.
Re2 Bf4 29. Bxe5 Nxe5 30. Nc6 Qh4 31. Nf1 Nxc6 32. dxc6 Rxe2 33. Qxe2 Be5 34.
Rb4 Qd8 35. c4 Qb6+ 36. Kh1 Qc5 37. Rb1 bxc4 38. Rc1 c3 39. Qe4 Rc8 40. Ne3
Qxc6 41. Nd5 Kh8 42. f4 Bg7 43. f5 Re8 0-1

[Event "2ème Open International de Haute-Bretag"]
[Site "Rennes"]
[Date "2009.07.19"]
[Round "7.11"]
[White "Andonov, Bogomil"]
[Black "Taube, Gregor"]
[Result "1-0"]
[WhiteElo "2311"]
[BlackElo "1835"]
[PlyCount "40"]
[EventDate "2009.08.21"]
[EventType "swiss"]
[EventRounds "9"]
[EventCountry "FRA"]

1. Nf3 d5 2. c4 c6 3. cxd5 cxd5 4. d4 Nc6 5. Nc3 Nf6 6. Bf4 Bg4 7. Ne5 Bf5 8.
e3 a6 9. g4 Nxe5 10. dxe5 Nxg4 11. Nxd5 Rc8 12. h3 Nh6 13. e4 Bd7 14. Bxh6 gxh6
15. Rg1 Be6 16. Qd4 Qa5+ 17. b4 Qa3 18. Rg3 Rc1+ 19. Kd2 Bxd5 20. Rxa3 Rxa1 1-0

[Event "2ème Open International de Haute-Bretag"]
[Site "Rennes"]
[Date "2009.07.19"]
[Round "7.12"]
[White "Castel, Efflam"]
[Black "Foisor, Sabina Francesca"]
[Result "0-1"]
[WhiteElo "1927"]
[BlackElo "2304"]
[PlyCount "64"]
[EventDate "2009.08.21"]
[EventType "swiss"]
[EventRounds "9"]
[EventCountry "FRA"]

1. e4 e6 2. d4 d5 3. Nc3 Bb4 4. e5 c5 5. a3 Bxc3+ 6. bxc3 Qa5 7. Bd2 Qa4 8. Qg4
g6 9. Kd1 Nc6 10. Nf3 Bd7 11. h4 h5 12. Qf4 Nge7 13. Bd3 c4 14. Be2 O-O-O 15.
Ng5 Rhf8 16. Nh7 Rh8 17. Nf6 a6 18. g4 hxg4 19. Bxg4 Ng8 20. h5 Nxf6 21. Qxf6
gxh5 22. Rxh5 Rxh5 23. Bxh5 Rg8 24. Bg5 Qa5 25. Bxf7 Rxg5 26. Qxg5 Qxc3 27.
Qg8+ Kc7 28. Rc1 Qf3+ 29. Ke1 Nxd4 30. Kf1 Qh1+ 31. Qg1 Qxg1+ 32. Kxg1 Ne2+ 0-1

[Event "2ème Open International de Haute-Bretag"]
[Site "Rennes"]
[Date "2009.07.19"]
[Round "7.19"]
[White "Mevel, Mael"]
[Black "Dubessay, Bastien"]
[Result "1/2-1/2"]
[WhiteElo "1800"]
[BlackElo "2168"]
[PlyCount "67"]
[EventDate "2009.08.21"]
[EventType "swiss"]
[EventRounds "9"]
[EventCountry "FRA"]

1. e4 c5 2. Nf3 Nc6 3. d4 cxd4 4. Nxd4 d6 5. Nc3 Nf6 6. Bc4 e6 7. Be3 a6 8. Qe2
Qc7 9. O-O-O Na5 10. Bb3 b5 11. g4 Nxb3+ 12. axb3 b4 13. Na4 Nxe4 14. f3 Nc5
15. Qf2 Bd7 16. Nxc5 dxc5 17. Ne2 Be7 18. Rhe1 O-O 19. Bf4 Qa7 20. Ng3 Bc6 21.
Nh5 g6 22. Rg1 gxh5 23. gxh5+ Kh8 24. Rg4 Bd5 25. Rdg1 Bf6 26. Qg2 Qb7 27. Rg7
Bxf3 28. Qg3 Bxh5 29. Be5 Bxe5 30. Qxe5 f6 31. Qxh5 Qxg7 32. Rxg7 Kxg7 33. Qg4+
Kf7 34. Qh5+ 1/2-1/2

[Event "2ème Open International de Haute-Bretag"]
[Site "Rennes"]
[Date "2009.07.19"]
[Round "7.26"]
[White "Arnaud, Jean Paul"]
[Black "Siclet, Mathieu"]
[Result "1-0"]
[WhiteElo "1884"]
[BlackElo "1816"]
[PlyCount "99"]
[EventDate "2009.08.21"]
[EventType "swiss"]
[EventRounds "9"]
[EventCountry "FRA"]

1. e4 c5 2. Nf3 Nc6 3. d4 cxd4 4. Nxd4 Nf6 5. Nc3 e5 6. Ndb5 d6 7. Bg5 a6 8.
Na3 b5 9. Nd5 Be7 10. Nxe7 Nxe7 11. Bxf6 gxf6 12. c3 Bb7 13. Bd3 f5 14. f3 fxe4
15. fxe4 Ng6 16. g3 Qg5 17. Qd2 Qg4 18. Be2 Qxe4 19. O-O-O Rd8 20. Rhe1 Qc6 21.
Nc2 d5 22. Qh6 Rd7 23. h4 e4 24. Nd4 Qd6 25. Nf5 Qf8 26. Qe3 Kd8 27. Kb1 Kc8
28. Nd4 Qc5 29. Bg4 Ne5 30. Bxd7+ Nxd7 31. Qf4 Nb6 32. Qf5+ Nd7 33. Nb3 Qe7 34.
Nd4 Qc5 35. Re3 Qe7 36. Rf1 Qc5 37. Qg4 Rf8 38. Qf5 Rh8 39. g4 Qe7 40. g5 Kb8
41. Qxf7 Qxf7 42. Rxf7 Ne5 43. Rf1 Nc4 44. Re2 Re8 45. b3 Ne5 46. Rf5 Kc7 47.
Rf6 Bc8 48. Kc2 Re7 49. Kd2 a5 50. Nxb5+ 1-0